000 00483nam a2200169 4500
001 107032
003 ES-MaACL
005 20230906184331.0
007 t|
008 061121s1953 sp r ||||1| spa d
100 1 _aMoreu, Angel.
_983492
245 1 0 _aIndice
_b: guía de oftalmología /
_cAngel Moreu; F.H. Morate.
260 _aBarcelona :
_bCientífico Médica,
_c1953.
300 _a466 p. ;
_c19 cm.
700 1 _aMorate, F.H.
_983154
852 _aES-MaACL
_jC-6148
_bR.34405
999 _c107032
_d107032